| 000 | 00526nam a2200181Ia 4500 | ||
|---|---|---|---|
| 008 | 220531s9999 xx 000 0 und d | ||
| 041 | _amar | ||
| 082 | _bWAK | ||
| 100 |
_aवाकळे एल.पी .आणि इतर _933600 |
||
| 245 | _aविपणन विक्रयकला प्रसिध्दी भाग ३ | ||
| 250 | _a3RD | ||
| 260 |
_bSeth _c2014 |
||
| 300 | _a182 | ||
| 542 | _d01-01-2010 | ||
| 650 |
_aMarketing _933601 |
||
| 906 |
_d2009-2010 _d2014-2015 _f4103 |
||
| 999 |
_c20794 _d20794 |
||